Bilderrätsel: Bands international 3 - Statistiken

Allgemein
  • Dieses Quiz wurde 80 mal gespielt
  • Das Durchschnittsergebnis liegt bei 4 aus 20
Antwortstatistiken
Bildquiz Antwort % Korrekt
Ghost
76%
Sum 41
73%
The Cranberries
53%
Cage The Elephant
39%
3 Doors Down
30%
Helloween
30%
Five Finger Death Punch
27%
Ram Jam
17%
The Dead South
16%
Powerwolf
14%
5 Seconds Of Summer
13%
Yes
10%
Amber Run
7%
The Warning
7%
You Me At Six
7%
Smash Into Pieces
4%
Blur
3%
Korn
1%
Oh The Larceny
1%
The Score
0%
Keine übereinstimmenden Quizze gefunden
Verteilung der Resultate
Anzahl Personen mit jedem Resultat
Perzentil nach korrekt beantworteten Fragen
Ihre Resultats-Entwicklung
Sie haben dieses Quiz noch nicht gespielt